| 000 | 00768nam a2200229 4500 | ||
|---|---|---|---|
| 001 | 30496 | ||
| 003 | BD-RjUL | ||
| 005 | 20211209051555.0 | ||
| 008 | 851003s1966 nyu 00000 eng d | ||
| 035 | _a(BD-RjUL)30582 | ||
| 035 | _a(BD-RjUL) | ||
| 040 |
_dANL _aBD-RjUL _beng _cBD-RjUL |
||
| 041 | _aeng | ||
| 082 |
_a338.91 _bRUC 1966 |
||
| 100 | 1 |
_aRubin, Seymour J., _992658 |
|
| 245 | 1 | 4 |
_aThe conscience of the rich nations : _bthe Development Assistance Committee and the common aid effor/. _cSeymour J.Rubin. |
| 260 |
_aNew York : _bHarper & Row, _c1966 |
||
| 300 |
_a164 p. _c20cm. |
||
| 650 | 0 |
_aEconomic assistance. _992659 |
|
| 710 | 2 |
_aOrganisation for Economic Co-operation and Development. _bDevelopment Assistance Directorate. _992660 |
|
| 942 |
_2ddc _cBK |
||
| 999 |
_c30496 _d30496 |
||